| 000 | 00959nam a22003017a 4500 | ||
|---|---|---|---|
| 001 | 4898 | ||
| 003 | FISKH | ||
| 005 | 20250828152021.0 | ||
| 008 | 241023b cb ||||| |||| 00| 0 eng d | ||
| 020 | _a9780590438896 | ||
| 040 |
_aFISKH _beng _cFISKH _dFISKH |
||
| 050 | _aPZ8.M418 | ||
| 082 | _a421.1 | ||
| 100 |
_aMartin, Jr. Bill _d(1916–2004) |
||
| 245 |
_aChicka chicka boom boom / _cby Bill Martin, Jr. and John Archambault Illustrated by Lois Ehlert |
||
| 250 | _aFirst printing in 1991. | ||
| 260 |
_aNew York : _bScholastic, _c1989. |
||
| 300 |
_a32 pages : _bcolor illustrations ; _c28 cm |
||
| 505 | _aN | ||
| 520 | _aAn alphabet rhyme/chant that relates what happens when the whole alphabet tries to climb a coconut tree. | ||
| 521 | 8 |
_a530
_bLexile |
|
| 521 | 8 |
_aN
_bRaz-Plus |
|
| 650 |
_2Alphabet _aRepetition |
||
| 650 |
_2Rhyming _aLetters |
||
| 700 |
_aEhlert, Lois _dIllustrator |
||
| 942 |
_2ddc _cBK _n0 |
||
| 999 |
_c4898 _d4898 |
||